Les vies des hommes illustres (Record no. 162318)
[ view plain ]
| 000 -LEADER | |
|---|---|
| campo de control de longitud fija | 01555nam a2200349 i 4500 |
| 001 - NÚMERO DE CONTROL | |
| campo de control | 162318 |
| 003 - IDENTIFICADOR DE NÚMERO DE CONTROL | |
| campo de control | ES-MaACL |
| 005 - FECHA Y HORA DE LA ÚLTIMA TRANSACCIÓN | |
| campo de control | 20251013215436.0 |
| 008 - DATOS DE LONGITUD FIJA--INFORMACIÓN GENERAL | |
| campo de control de longitud fija | 041110s1802 fr acf |||| | fre d |
| 040 ## - FUENTE DE CATALOGACIÓN | |
| Centro catalogador/agencia de origen | CAM |
| Lengua de catalogación | spa |
| Centro/agencia transcriptor | CAM |
| 100 0# - ENTRADA PRINCIPAL--NOMBRE DE PERSONA | |
| Nombre de persona | Plutarco |
| 9 (RLIN) | 92678 |
| 245 14 - MENCIÓN DEL TÍTULO | |
| Título | Les vies des hommes illustres |
| Resto del título | : pour servir de Supplément aux Vies de Plutarque / |
| Mención de responsabilidad, etc. | [trad. par Allegre et traduites de l'anglais de Thomas Rowe par l'Abbé Bellanger] ; avec des notes et des observations par MM. Brotier et Vauvilliers ; tome onzième. |
| 250 ## - MENCION DE EDICION | |
| Mención de edición | Nouvelle éd. |
| Resto de la mención de edición | rev., corr. et augm. par E. Clavier. |
| 260 ## - PUBLICACIÓN, DISTRIBUCIÓN, ETC. | |
| Lugar de publicación, distribución, etc. | A Paris : |
| Nombre del editor, distribuidor, etc. | de l'imprimerie de Cussac..., |
| Fecha de publicación, distribución, etc. | An X [1802] |
| 300 ## - DESCRIPCIÓN FÍSICA | |
| Extensión | [4], 488 p., [2] h. de grab. : |
| Otras características físicas | il. ; |
| Dimensiones | 8º. |
| 500 ## - NOTA GENERAL | |
| Nota general | Es el T. XI de las Oeuvres de Plutarque. |
| 594 ## - Nota al título y mención de responsabilidad | |
| Nota al título y mención de responsabilidad | Dato de trad. consta al v. de antep. |
| 595 ## - | |
| -- | Dato de ed. precede a mención de parte. |
| 596 ## - NOTA AL PIE DE IMPRENTA | |
| NOTA AL PIE DE IMPRENTA | Marca tip. en port. |
| 597 ## - NOTA DE DESCRIPCIÓN FÍSICA | |
| NOTA DE DESCRIPCIÓN FÍSICA | Sign.: []2, A-Z8, 2A-2G8, 2H4. |
| 599 ## - NOTA A LAS ILUSTRACIONES | |
| NOTA A LAS ILUSTRACIONES | Las h. de grab. calc. alegóricas : "Borel del., Patas sculp.", "A. Borel inv. delineavit, P. Baquoy sculpsit" |
| 599 ## - NOTA A LAS ILUSTRACIONES | |
| NOTA A LAS ILUSTRACIONES | Las il. xil. retratos. |
| 700 1# - ENTRADA AGREGADA--NOMBRE PERSONAL | |
| Nombre de persona | Rowe, Thomas. |
| 9 (RLIN) | 132132 |
| 700 1# - ENTRADA AGREGADA--NOMBRE PERSONAL | |
| Nombre de persona | Bellanger |
| Títulos y otros términos asociados al nombre | , Abbé. |
| 9 (RLIN) | 125895 |
| 700 1# - ENTRADA AGREGADA--NOMBRE PERSONAL | |
| Nombre de persona | Allegre, Antoine. |
| 9 (RLIN) | 125613 |
| 700 1# - ENTRADA AGREGADA--NOMBRE PERSONAL | |
| Nombre de persona | Brotier, Gabriel, |
| Fechas asociadas al nombre | 1723-1789 |
| 9 (RLIN) | 149971 |
| 700 1# - ENTRADA AGREGADA--NOMBRE PERSONAL | |
| Nombre de persona | Clavier, Etienne, |
| Fechas asociadas al nombre | 1762-1817 |
| 9 (RLIN) | 149972 |
| 700 1# - ENTRADA AGREGADA--NOMBRE PERSONAL | |
| Nombre de persona | Vauvilliers, Jean François. |
| 9 (RLIN) | 133574 |
| 740 01 - ENTRADA AGREGADA--TÍTULO RELACIONADO/ANALÍTICO NO CONTROLADO | |
| Título relacionado o analítico no controlado | Oeuvres de Plutarque. |
| 852 ## - LOCALIZACIÓN | |
| Ubicación | ES-MaACL |
| Número de control de estantería | G-9439 |
| Nota libre | -- Enc. pasta española |
| Estatus retirado | Estado de pérdida | Estado de daño | No para préstamo | Colección | Biblioteca de origen | Biblioteca actual | Ubicación en estantería | Fecha de adquisición | Fuente de adquisición | Total de préstamos | Signatura topográfica completa | Código de barras | Visto por última vez | Precio de reemplazo | Tipo de ítem Koha |
|---|---|---|---|---|---|---|---|---|---|---|---|---|---|---|---|
| Libros del s. XIX | Biblioteca del Ateneo de Madrid | Biblioteca del Ateneo de Madrid | Sala Pecera Planta 3 | 17/01/2008 | G-9439 | 1170051 | 23/02/2023 | 23/02/2023 | Libro impreso antiguo |
